000 01284nam a2200265Ia 4500
001 16105
003 GE_BSU
008 181216s||||||||xx |||||||||||||| ||und||
020 _a978-9941-9350-4-6
040 _cGE_BSU
080 _a811.353.1 + 821.353.1+331.547
100 _aხაზარაძე, ნათელა
245 _aქართული ენა და ლიტერატურა
245 _bთეორიული საკითხები, სავარჯიშოები, ტესტები, ლიტერატურის თეორიის ლექსიკონი. I-VI კლასის მასწავლებელთათვის
250 _aმე-2 გამოცემა
260 _aთბილისი
260 _bუსტარი
260 _c2014
300 _a100 გვ. ; 24 სმ
300 _eბიბლიოგრ.: გვ. 100.
541 _h5ლ.
653 _aქართული ენა და ლიტერატურა
653 _aქართული ენისა და ლიტერატურის მასწავლებლის სასერტიფიკაციო გამოცდის პროგრამა(1-6)
942 _cBK
999 _c49194
_d49194